[Event "OP-2010-0-01137"]
[Site "LSS email"]
[Date "2010.04.15"]
[Round "?"]
[White "Zasinets, Dima"]
[Black "Cusu, Larth"]
[Result "1-0"]
[WhiteElo "800"]
[BlackElo "926"]
[PlyCount "39"]
[EventDate "2010.04.11"]
[EventType "tourn (corr)"]
[EventRounds "4"]
[EventCountry "GER"]
[SourceTitle "Telechess CBM 147"]
[Source "ChessBase"]
[SourceDate "2012.03.16"]
[SourceVersion "1"]
[SourceVersionDate "2012.03.16"]
[SourceQuality "1"]

1. e4 c5 2. Nf3 d6 3. d4 cxd4 4. Nxd4 Nf6 5. Nc3 a6 6. Bg5 e6 7. f4 Qb6 8. Nb3 Qe3+ 9. Qe2 Qxe2+ 10. Bxe2 Nc6 11. 0-0-0 Be7 12. Bf3 h6 13. Bh4 Rb8 14. Kb1 Bd7 15. Rd2 0-0 16. e5 Nd5 17. Nxd5 Bxh4 18. Nb6 Rfd8 19. exd6 Bf6 20. Nc5 1-0